Tout l'opéra / (Record no. 133740)

MARC details
000 -LEADER
campo de control de longitud fija 00803nam a2200253 i 4500
001 - NÚMERO DE CONTROL
campo de control 133740
003 - IDENTIFICADOR DE NÚMERO DE CONTROL
campo de control ES-MaACL
005 - FECHA Y HORA DE LA ÚLTIMA TRANSACCIÓN
campo de control 20250726220531.0
007 - CAMPO FIJO DE DESCRIPCIÓN FÍSICA--INFORMACIÓN GENERAL
campo de control de longitud fija t|
008 - DATOS DE LONGITUD FIJA--INFORMACIÓN GENERAL
campo de control de longitud fija 070828s1976 fr ||||1| fre d
020 ## - NÚMERO INTERNACIONAL ESTÁNDAR DEL LIBRO
Número Internacional Estándar del Libro 2-221-50101-2
080 ## - NÚMERO DE LA CLASIFICACIÓN DECIMAL UNIVERSAL
Número de la Clasificación Decimal Universal 792.54
100 1# - ENTRADA PRINCIPAL--NOMBRE DE PERSONA
Nombre de persona Kobbé, Gustave.
9 (RLIN) 68389
245 10 - MENCIÓN DEL TÍTULO
Título Tout l'opéra /
Mención de responsabilidad, etc. Gustave Kobbé ; traduit de l'anglais par Marie-Caroline Aubert et Denis Collins ; adaptation française de Martine Kahane.
250 ## - MENCION DE EDICION
Mención de edición ed. établie et rév.
260 ## - PUBLICACIÓN, DISTRIBUCIÓN, ETC.
Lugar de publicación, distribución, etc. Paris :
Nombre del editor, distribuidor, etc. Robert Laffont,
Fecha de publicación, distribución, etc. [1980]
300 ## - DESCRIPCIÓN FÍSICA
Extensión 957 p. ;
Dimensiones 20 cm.
490 1# - MENCIÓN DE SERIE
Mención de serie Bouquins
500 ## - NOTA GENERAL
Nota general Biblioteca Jacinto Martínez Lacalle.
650 #7 - PUNTO DE ACCESO ADICIONAL DE MATERIA--TÉRMINO DE MATERIA
Término de materia o nombre geográfico como elemento de entrada Ópera
Fuente del encabezamiento o término embne
9 (RLIN) 15706
830 0# - PUNTO DE ACCESO ADICIONAL DE SERIE-TÍTULO UNIFORME
Título uniforme Bouquins
9 (RLIN) 184870
852 ## - LOCALIZACIÓN
Ubicación ES-MaACL
Número de control de estantería E-12045
Sublocalización o colección R.139934
Holdings
Estatus retirado Estado de pérdida Estado de daño No para préstamo Biblioteca de origen Biblioteca actual Ubicación en estantería Fecha de adquisición Fuente de adquisición Total de préstamos Signatura topográfica completa Código de barras Visto por última vez Precio de reemplazo Tipo de ítem Koha
        Biblioteca del Ateneo de Madrid Biblioteca del Ateneo de Madrid Depósito 2 17/01/2008     E-12045 1139222 23/02/2023 23/02/2023 Libro impreso